MDQL
is popping MORE tags! Check the
thread
!
Quizzes
Events
Quiz Creation
Community
Videos
Private Events
Remove Ads
Sign In
Join for FREE
Feedback
Dark Mode
Quiz Categories
Sports
Geography
Music
Movies
Television
Just For Fun
Miscellaneous
History
Literature
Language
Science
Gaming
Entertainment
Religion
Holiday
For Kids
Quiz Lab
Recent
Popular Today
Quiz Kudos Today
Editor Picks
Curator Picks
Quizzes by...
Day
Popularity
Type
Ratings
Length
Year
Community
Subscriptions
Recent Discussions
Orange Saloon
Badges
Playlists
Quests
Create
Leaderboards
Showdown
Live 5
Trivia Bingo
Activity
Puzzle Library
Sporcle Events
Private Events
Virtual Trivia
Globe League
Become a Host
Pub Owners
SporcleCon
Opinionation
Our Games
Videos
Blog
Mobile Apps
Partnerships
Remove Ads and Go Orange
Feedback
Literature
Harry Potter
A Song of Ice and Fire
The Hunger Games
Literary Character
Shakespeare
Book
Author
Novel
Poem
Young Adult
Children's Books
Play
Lord of the Rings
Literature
Harry Potter
A Song of Ice and Fire
The Hunger Games
Literary Character
Shakespeare
Book
Author
Novel
Poem
Young Adult
Children's Books
Play
Lord of the Rings
Random Quiz
Search Sporcle
×
Quiz Lab
Quiz Lab
Literature
A Song of Ice and Fire
Type in answers that appear in a list
Type in answers that appear in a list
Classic
Best Score? Go Orange.
The Skyrim vs. Song of Ice and Fire Quiz Stats
Identify the similarities and differences between Skyrim and Westeros/Essos
By
rurouni
10m
42 Questions
452 Plays
452 Plays
452 Plays
Comments
Comments
Give Quiz Kudos
Give Quiz Kudos
-
- Ratings
hide this ad
More Info
Replay
Link that replays current quiz
Next Quiz
Link to next quiz in quiz playlist
You Got
0%
They Got
Avg Score
59%
Avg Friend Score
Upgrade to see
Score Distribution
Jump to the score distribution portion of the page
Score
0/42
Timer
10:00
0
Plays Today
Hint
Answer
% Correct
A castle in the North, the seat of House Stark
Winterfell
87.8%
Westeros is divided into _
_
kingdoms
Seven
82.7%
Though once extinct, these ancient creatures have returned to Essos, and to Skyrim
Dragons
82.5%
The number of 'New Gods' that are worshipped in Westeros
Seven
82.3%
A castle in the Riverlands belonging to House Tully
Riverrun
80.8%
Groups of savages fighting to take the Wall and flee south
Free Folk
77.4%
Skyrim is divided into _
_
holds
Nine
74.6%
The number of 'Divines' that most people recognize
Nine
74.6%
Westeros was once ruled over by this family
Targaryen
73.2%
The War of the Five Kings begins after the death of
King Robert Baratheon
73%
A in northern Skyrim, covered in snow
Winterhold
72.3%
Those who can become a bloodthirsty wolf at will
Werewolves
70.6%
Those who can enter the bodies of wolves and other animals
Wargs
70.1%
Giants in both Skyrim and Westeros herd these animals
Mammoths
69.2%
The men who go to the tower in Oldtown to study history, medicine, etc.
Maesters
67.9%
A small town in the hold of Whiterun, just north of Helgen
Riverwood
66.4%
A castle on an island outside of Blackwater Bay
Dragonstone
65.7%
The rebellion army, led by Ulfric
Stormcloaks
64.8%
The men who go to the highest mountain in Skyrim to study the Thu'um
Greybeards
64.4%
The ancient deities that few men in Westeros still worship
The Old Gods
64.2%
An alliance of assassins that reside outside Falkreath
The Dark Brotherhood
62.6%
Hint
Answer
% Correct
The name of the man that the Nords wish to worship freely
Talos
61.9%
An ancient assembly of assassins housed in Braavos
The Faceless Men
61.1%
Group of savages fighting to regain control of The Reach
Forsworn
60.8%
They once held Skyrim along with the Dwarves
Snow Elves
58.8%
A castle that serves as home to the Jarl of Whiterun
Dragonsreach
58.6%
Ancient trees that are sacred to worshippers of the Old Gods
Weirwood
57.5%
An ancient city, once home to the Targaryens, famous for a certain metal
Valyria
57.5%
A castle at the most eastern point along the Wall
Eastwatch by the Sea
56.9%
An area famous for great wealth that lies in the southern regions of Skyrim and Westeros
The Reach
55.1%
A man of the Night's Watch who is famous for sporting a hand with only two fingers
Qhorin Halfhand
43.6%
The warring in Skyrim is mostly a result of the death of
High King Torygg
42.3%
A large island north of Skyrim and Morrowind that is still considered wild and untamed
Solstheim
41.6%
The hold of Skyrim which is governed by Windhelm
Eastmarch
40.7%
A large island north of Westeros that is said to be inhabited by cannibals
Skagos
40.5%
Once a prosperous underground city of Dwarves, now crawling with Falmer
Blackreach
39.6%
The Targaryens and the Dovahkiin have this in common
Blood of the Dragon
39.4%
A mythical instrument hidden away in Ustengrav
Horn of Jurgen Windcaller
39.2%
A fabled instrument that could crack the Wall
Horn of Joramun
34.5%
Ancient tree that is sacred to worshippers of Kynareth
Eldergleam
28.3%
The mercenary company that Daario Naharis was a captain of
Stormcrows
27%
A Nord man of Dawnstar who (not quite as famously) falls for his Legion Commander, Brina
Horik Halfhand
7.7%
Quiz Playlist
Details
Report
Send in Message
Add To Playlist
More Info:
No lollygagging
Classic:
Type in answers that appear in a list
Last Updated: Feb 16, 2017
Quiz Scoreboard
CHALLENGE
Sign Up to Join the Scoreboard
Show All
Scores
Hide
Comments
May contain spoilers
Recently Published
5x2 Blitz: Bands
by SL_Kpop136
Music
30s
Colored Red Africa Blitz
by spor1
Geography
30s
Find the 'City' Movie
by crazypaving
Movies
60s
More to Explore
Quiz From the Vault
Featured Blog Post
14 Easter Pick-up Lines to Find Eggs With
hide this ad
You Might Also Like...
Tags
A Song of Ice and Fire Quiz
Video Games Quiz
asoiaf
Book Series
Elder Scrolls
Game of Thrones
George RR Martin
Skyrim
Today's Top Quizzes in Literature
Browse Literature
hide this ad
Today's Top Quizzes in A Song of Ice and Fire
Browse A Song of Ice and Fire
Top Contributed Quizzes in Literature
1
Sneaky Slytherin Logic Puzzle
2
Get The Picture: Black or White Literature
3
5-to-1: Plays
4
One Thing in Common: Literature
5
A Court of Thorns and Roses (ACoTaR) Logic Puzzle
6
One Thing in Common: Literature II
7
One Thing in Common: Books
8
One Thing in Common: Literature 3
9
'Middle' Earth
10
One Thing in Common: Books II
Explore More
Trending Topics
Harry Potter
Disney
Anime
Crossword
NBA
Kpop
Marvel
Soccer
WWE
NFL
Song
Pokémon
The Office
Puzzle
Country
hide this ad
More By:
rurouni
Quiz
Plays
Rating
Category
Featured
Created
The Skyrim vs. Song of Ice and Fire Quiz
452
3.71
Literature
Apr 18, 2014
Final Fantasy XIII-2 Word Ladder
338
4.00
Gaming
Apr 18, 2014
Go to Creator's Profile
Score Distribution
Quiz Creator Spotlight
rurouni
Follow
Send a Message
Quizzes Created
-
Created Quiz Play Count
-
More By This Creator
Popular Quizzes Today
1
5x2 Blitz: Bands
2
Find the 'City' Movie
3
Find the US States - No Outlines Minefield
4
Colored Red Africa Blitz
5
The Countries of the World
6
Find the US States
7
Risky Map Clicking: Biggest States A-Z
8
9x9 Crossword: Cartoon Network
More Literature Quizzes
Harry Potter: Ghost II Trio Venn Diagram
Editor's Pick
Trending Quizzes
Colored Red Africa Blitz II
Colored Red Europe Blitz I
Find the 'Dark' Movie
Find the 'Day' Movie
Find the 'Good' Movie
Recently Updated
Champions League XIs: Real Madrid
pecheneg
Largest US Cities 1790-2010
pecheneg
Rides in Walt Disney World
pecheneg
Most Oscar Losses (Acting)
pecheneg
Beyoncé Albums
pecheneg
Leaping Animals
pecheneg
Reality TV Shows (A-Z)
bhenderson79
Rickey Henderson's Hall of Fame Teammates
pecheneg
Champions League XIs: Arsenal
pecheneg
Quick Pick: Celebrities in WWE's Hall of Fame
aduchscher
Trending Topics
Harry Potter
NBA
Crossword
Anime
Marvel
Kpop
Disney
Pokémon
Soccer
The Office
Song
NFL
Puzzle
WWE
Country
Your Account Isn't Verified!
In order to create a playlist on Sporcle, you need to verify the email address you used during registration. Go to your
Sporcle Settings
to finish the process.
Report this User
Report this user for behavior that violates our
Community Guidelines
.
Details:
Send Report
Go to the Sporcle.com Mobile Site →
Comments